<?xml version="1.0" encoding="UTF-8"?>
<record
    xmlns:xsi="http://www.w3.org/2001/XMLSchema-instance"
    xsi:schemaLocation="http://www.loc.gov/MARC21/slim http://www.loc.gov/standards/marcxml/schema/MARC21slim.xsd"
    xmlns="http://www.loc.gov/MARC21/slim">

  <leader>00615nam a22001937a 4500</leader>
  <controlfield tag="005">20231114110315.0</controlfield>
  <datafield tag="010" ind1=" " ind2=" ">
    <subfield code="a">ENG-137176</subfield>
  </datafield>
  <datafield tag="020" ind1=" " ind2=" ">
    <subfield code="a">9789383959464</subfield>
    <subfield code="c">424.00</subfield>
  </datafield>
  <datafield tag="035" ind1=" " ind2=" ">
    <subfield code="a">EN-120708</subfield>
  </datafield>
  <datafield tag="037" ind1=" " ind2=" ">
    <subfield code="b">DBAD/PUB</subfield>
  </datafield>
  <datafield tag="082" ind1=" " ind2=" ">
    <subfield code="a">657.08</subfield>
  </datafield>
  <datafield tag="100" ind1=" " ind2=" ">
    <subfield code="a">Rekha. A</subfield>
    <subfield code="9">58593</subfield>
  </datafield>
  <datafield tag="245" ind1=" " ind2=" ">
    <subfield code="a">Financal Accounting:</subfield>
    <subfield code="c">By A. Rekha</subfield>
    <subfield code="b">For Law Student/</subfield>
  </datafield>
  <datafield tag="260" ind1=" " ind2=" ">
    <subfield code="a">Hyderabad</subfield>
    <subfield code="b">Students Helpline Publishing Pvt. Ltd</subfield>
    <subfield code="c">2023</subfield>
  </datafield>
  <datafield tag="270" ind1=" " ind2=" ">
    <subfield code="a">#7-1-277/242, 2nd Floor, Near B K Guda Park, S R Nagar</subfield>
    <subfield code="b">Hyderbad</subfield>
    <subfield code="e">500038</subfield>
  </datafield>
  <datafield tag="300" ind1=" " ind2=" ">
    <subfield code="a">viii, 352p.;</subfield>
    <subfield code="c">23cm(pbk)</subfield>
  </datafield>
  <datafield tag="700" ind1=" " ind2=" ">
    <subfield code="a">Rekha .A</subfield>
    <subfield code="9">58594</subfield>
  </datafield>
  <datafield tag="942" ind1=" " ind2=" ">
    <subfield code="2">ddc</subfield>
    <subfield code="c">EN</subfield>
    <subfield code="m">REK</subfield>
    <subfield code="h">657.08</subfield>
  </datafield>
  <datafield tag="999" ind1=" " ind2=" ">
    <subfield code="c">196470</subfield>
    <subfield code="d">196470</subfield>
  </datafield>
  <datafield tag="952" ind1=" " ind2=" ">
    <subfield code="0">0</subfield>
    <subfield code="1">0</subfield>
    <subfield code="4">0</subfield>
    <subfield code="7">0</subfield>
    <subfield code="8">NFIC</subfield>
    <subfield code="a">BN</subfield>
    <subfield code="b">BN</subfield>
    <subfield code="d">2023-06-27</subfield>
    <subfield code="g">424.00</subfield>
    <subfield code="l">0</subfield>
    <subfield code="o">657.08 REK</subfield>
    <subfield code="p">EN-120708</subfield>
    <subfield code="r">2023-06-27 00:00:00</subfield>
    <subfield code="t">1</subfield>
    <subfield code="w">2023-06-27</subfield>
    <subfield code="y">EN</subfield>
  </datafield>
</record>
